[Event "XVIII Najdorf Open 2018"]
[Site "Warsaw"]
[Date "2018.07.16"]
[Round "9"]
[White "Baum, Jonasz"]
[Black "Murdzia, Piotr"]
[Result "1/2-1/2"]
[WhiteElo "2272"]
[BlackElo "2410"]
[Annotator "TA"]
[PlyCount "86"]
[EventDate "2018.07.08"]
[EventCountry "POL"]
[SourceTitle "playchess.com"]
[Source "ChessBase"]
[SourceQuality "1"]

{[%evp 17,86,41,42,41,61,58,40,49,70,25,13,22,29,23,11,0,0,-15,-6,-3,-10,-19,-11,-31,-30,-43,-37,-44,-35,-38,-41,-45,-35,-39,-37,-43,-10,-10,-5,-30,-43,-55,0,0,0,0,0,0,0,0,0,0,0,0,0,0,0,-12,-13,-57,-57,-57,0,0,0,0,0,0,0,0,0]} 1. e4 e5 2. Nf3 Nc6 3. d4 exd4 4. Nxd4 Bb4+ 5. c3 Be7 6. Nxc6 bxc6 7. Bc4 Nf6 8. e5 {C45: Scotch Game} Nd5 9. Qg4 Kf8 {LiveBook: 6 Games} (9... g6 10. Bh6 d6 11. Qe2 Be6 12. Nd2 Rg8 13. Nf3 g5 14. Nd4 Qd7 15. h4 dxe5 16. Nxe6 Qxe6 17. hxg5 Bxg5 {½-½ (113) Kriebel,T (2464)-Warakomski,T (2497) Legnica 2016}) 10. Qe2 {White is slightly better.} d6 11. O-O dxe5 12. Qxe5 h5 $146 ({Predecessor:} 12... Be6 13. Nd2 Bd6 14. Qd4 c5 15. Qe4 c6 {0-1 (50) Sondermann,J (2157)-Kotan,L (2278) Znojmo 2006}) 13. Bxd5 (13. Re1 {is interesting.} Bd6 14. Qe4 Be6 15. Nd2 Qf6 16. Nf3) 13... Qxd5 14. Bf4 Qxe5 15. Bxe5 Bd6 16. Rd1 Rh6 17. Bxd6+ Rxd6 18. Rxd6 cxd6 $11 {[%mdl 4096] Endgame KRB-KRN} 19. Nd2 Be6 20. Ne4 Ke7 21. Rd1 a5 22. Rd2 f5 23. Ng3 $1 h4 24. Ne2 c5 25. Nf4 {[#] Strongly threatening Re2.} Bxa2 26. Ng6+ Kd7 27. Nxh4 Be6 (27... Ke6 {seems wilder.} 28. Ng6 d5 29. Nf4+ Ke5 30. Nd3+ Kd6) 28. f4 a4 29. Ng6 a3 (29... Rb8 $15) 30. bxa3 Rxa3 31. Nf8+ Ke7 32. Ng6+ Kf7 33. Rxd6 Rxc3 34. Ne5+ Ke7 35. Rd2 c4 {Threatening ...Rc1+.} 36. Kf2 Rc1 37. Re2 Kd6 38. Re1 (38. Ke3 {is more complex.} Kc5 39. Ra2 Rd1 40. Ra7 g5 41. Ra5+) 38... Rxe1 39. Kxe1 Kc5 (39... c3 $1 $15) 40. Kd2 {The position is equal.} Kb4 41. Nc6+ $1 Kc5 42. Ne5 Kb4 43. Nc6+ $1 Kc5 {Precision: White = 58%, Black = 68%.} 1/2-1/2

[Event "XVIII Najdorf Open 2018"]
[Site "Warsaw"]
[Date "2018.07.16"]
[Round "9"]
[White "Juknis, Paulius"]
[Black "Niekras, Dawid"]
[Result "0-1"]
[WhiteElo "2260"]
[BlackElo "2351"]
[Annotator "TA"]
[PlyCount "58"]
[EventDate "2018.07.08"]
[EventCountry "POL"]
[SourceTitle "playchess.com"]
[Source "ChessBase"]
[SourceQuality "1"]

{[%evp 15,58,-7,0,-5,0,0,8,-11,0,-25,0,-12,-7,-110,-100,-130,-70,-77,-65,-114,-114,-127,-85,-109,-66,-57,-74,-69,-47,-62,-47,-47,-47,-47,-47,-40,-44,-47,-44,-47,-46,-120,-147,-655,-638]} 1. d4 Nf6 2. Bf4 g6 3. Nc3 d5 4. e3 Bg7 5. h4 h5 6. Be2 {A45: Trompowsky Attack} (6. Nf3 Bg4 7. Be2 Bxf3 8. Bxf3 c6 9. Qd2 Nbd7 10. O-O-O b5 11. Kb1 {½-½ (34) Aronian,L (2797)-Vachier Lagrave,M (2793) Caleta 2018}) 6... O-O 7. Nf3 c5 8. Ne5 cxd4 {LiveBook: 3 Games} 9. exd4 Nc6 10. Qd2 Be6 $146 ({Predecessor:} 10... Bf5 11. f3 {½-½ (79) Milanovic,D (2488)-Elgersma,S (2257) Germany 2018}) 11. O-O Rc8 12. Rad1 a6 13. Bf3 Bf5 14. Qe2 (14. Ne2 $11 {keeps the balance.}) 14... e6 $17 15. Rd2 {[#]} Nd7 (15... Nxe5 $1 $17 16. dxe5 Nd7) 16. Bg5 Qc7 {[%cal Rc6e5]} 17. Nxc6 Qxc6 18. Qe3 Nb6 {And now ...Nc4 would win.} 19. Be2 Nc4 20. Bxc4 $1 Qxc4 21. a3 Rfe8 22. Bf4 b5 $36 {[%mdl 2048] Black is more active.} 23. Ne2 a5 {[%cal Ba6a5,Ba5b4][%mdl 32]} ({But not} 23... Bxc2 $6 24. Rc1 $14) 24. c3 b4 25. cxb4 axb4 26. b3 Qa6 27. a4 Rc6 28. Bg5 {[#]} (28. Bh6 $15) 28... e5 $1 {[%cal Be6e5,Be5d4][%mdl 32] Strongly threatening ...Rcc8.} 29. Qg3 $2 {[%mdl 8192]} (29. Bh6 $17 Bh8 30. Ra2) 29... exd4 {Precision: White = 42%, Black = 61%.} 0-1

[Event "XVIII Najdorf Open 2018"]
[Site "Warsaw"]
[Date "2018.07.16"]
[Round "9"]
[White "Zochowski, Kacper"]
[Black "Kosakowski, Jakub"]
[Result "1/2-1/2"]
[WhiteElo "2250"]
[BlackElo "2318"]
[Annotator "TA"]
[PlyCount "148"]
[EventDate "2018.07.08"]
[EventCountry "POL"]
[SourceTitle "playchess.com"]
[Source "ChessBase"]
[SourceQuality "1"]

{[%evp 23,148,55,67,53,49,44,58,29,25,24,214,198,204,184,179,114,165,164,179,173,273,207,204,195,266,256,252,270,570,569,608,568,697,587,613,607,580,396,614,595,769,765,765,766,756,746,663,725,641,635,12839,932,756,703,751,709,666,358,338,306,304,304,474,412,505,510,608,606,581,535,520,320,301,307,305,282,314,312,822,820,758,685,825,762,597,207,546,0,459,425,1545,1527,790,1289,908,874,12830,5397,12835,1193,914,894,757,750,629,633,513,0,401,0,60,68,96,71,79,92,85,110,153,0,79,0,185,0,0,0,199]} 1. c4 g6 2. g3 Bg7 3. Bg2 d6 4. Nc3 Nf6 5. e4 c5 6. Nge2 Nc6 7. d3 O-O 8. O-O Ne8 9. Be3 Nc7 10. d4 cxd4 11. Nxd4 Ne6 12. Nde2 {A36: Symmetrical English vs ...g6: 4 Bg2 Bg7} Bd7 {LiveBook: 5 Games} 13. f4 a6 {[#]} 14. Qd2 $146 {White is slightly better.} ({Predecessor:} 14. a4 Rb8 15. Rb1 Na5 16. b3 b5 17. f5 Nc7 18. c5 dxc5 19. Bxc5 Nc6 20. axb5 axb5 {½-½ (42) Schlosser,P (2512)-Movsesian,S (2659) Germany 1999}) 14... b5 15. Rad1 {Threatens to win with e5.} Na5 $1 {[%cal Ra5c4]} 16. b3 {Strongly threatening e5.} Bc6 $2 (16... bxc4 $11 {and Black stays safe.} 17. f5 cxb3) 17. Nd5 $18 {aiming for Bb6.} Rb8 18. cxb5 Bxb5 19. f5 (19. Rf2 $18) 19... Nc5 (19... Nc7 $16) 20. Bg5 $36 {[%mdl 2048] White is really pushing.} f6 21. Be3 e6 (21... Nc6 {was necessary.} 22. Ndc3 Ne5) 22. fxe6 Nxe6 23. Ndc3 {And now Qd5 would win.} Bc6 (23... Re8 $142 24. Nxb5 (24. Qxd6 Qxd6 25. Rxd6 Nb7 $18) 24... axb5) 24. Qxd6 Qe8 25. Nf4 Ng5 $2 (25... Nxf4 {is a better defense.} 26. Bxf4 (26. Qxf4 f5 $18) (26. gxf4 Nb7 $18) 26... Rc8) 26. Nfd5 Rb7 27. Qc5 Bxd5 28. Nxd5 Rb5 29. Qc1 Ne6 30. Bh3 Rb7 (30... Rf7 $142 31. Bxe6 Qxe6) 31. Qc3 Nc6 32. Nxf6+ Rxf6 33. Rxf6 Bxf6 34. Qxf6 Re7 35. Bh6 {White wants to mate with Bxe6+.} Qf7 36. Qc3 Rc7 37. Rf1 (37. Bxe6 $142 Qxe6 38. Rd8+ $1 {[%mdl 512]} Nxd8 39. Qxc7) 37... Ncd4 38. Qd3 Qe8 39. Bxe6+ Nxe6 40. Qd5 {Threatening mate with Qxe6+!} Rf7 41. Rxf7 Kxf7 42. Qb7+ Kg8 (42... Qe7 $142 43. Qxe7+ (43. Qxa6 g5 $18) 43... Kxe7) 43. Be3 Qd8 44. Qxa6 Qd1+ 45. Qf1 Qc2 46. Qc4 Qb1+ 47. Kg2 Qxa2+ 48. Bf2 Kf7 49. Qd5 h5 50. e5 Qa6 $2 (50... Qa3 51. Qf3+ Kg8) 51. b4 {[%cal Bb3b4,Bb4b5][%mdl 32]} h4 52. Qd7+ Kg8 53. b5 Qa2 54. Qe8+ $2 (54. b6 Nf8 55. Qb5 h3+ 56. Kf3) 54... Kg7 $2 (54... Nf8 55. Qc6 (55. gxh4 Qd5+ 56. Kg3 Qb3+ 57. Kg4 Qc4+ 58. Kg3 Qd3+ 59. Kf4 Qc4+ 60. Ke3 Qc5+ 61. Ke2 Qc4+ 62. Kd2 Qd5+ 63. Ke2 Qc4+ 64. Kd2 Qd5+ 65. Ke1 Qe4+ 66. Kd2 Qd5+ $11) 55... h3+ 56. Kf3 (56. Kxh3 Qxf2 57. Qf6 Qxf6 $11) 56... Qf7+ 57. Qf6 Qb7+ 58. Kg4 Qxb5 59. Kxh3 Qd3) 55. Qd7+ $2 ({White should play} 55. Qe7+ $18 Kg8 56. b6 hxg3 57. hxg3 Qd5+ 58. Kh2) 55... Kh6 $2 {[%mdl 8192]} (55... Kg8 $1 $11 56. Qc6 Kh7) 56. gxh4 {[%cal Bg3h4,Bh4g5][%mdl 32]} Qc4 (56... Nf4+ $142 57. Kf3 Qe2+ 58. Kxf4 (58. Kg3 $2 Nh5+ 59. Kg2 Qe4+ 60. Kf1 Nf4 $19) 58... Qxf2+ 59. Ke4 Qg2+ 60. Kd3 Qf1+ 61. Kc2 Qc4+ 62. Kd1 Qa4+ 63. Kd2 Qb4+ 64. Kd3 Qb3+ 65. Ke2 Qc4+ 66. Qd3 Qxh4) 57. Be3+ g5 58. hxg5+ Kg6 59. Qe8+ Kf5 60. Qf7+ Kxe5 61. Qf3 Qxb5 62. Qf6+ Kd6 63. Bf4+ Kd7 64. Qf7+ Kd8 65. Qf6+ ({Inferior is} 65. Qxe6 Qf1+ 66. Kg3 Qf3+ 67. Kh4 Qh5+ 68. Kg3 Qf3+ 69. Kh4 Qh5+ 70. Kg3 Qf3+ $11) 65... Kd7 $1 66. Be3 $2 ({Don't do} 66. Qf7+ Kd8 $18) (66. h3 $18) 66... Qe2+ (66... Kd6 $1 $11 67. h4 Qc4) 67. Qf2 $1 $14 {[%cal Rf2e2]} Qg4+ 68. Qg3 $1 {[%cal Rg3g4]} Qe2+ 69. Kg1 $1 Qd1+ 70. Kf2 $1 {Black must now prevent Qf3.} Qc2+ 71. Ke1 $2 ({Only move:} 71. Kf3 $1 $16) 71... Qc3+ {[#]} (71... Qb1+ $11 72. Kf2 Qc2+ 73. Kf3 Qd1+ 74. Ke4 Qc2+ 75. Ke5 Qc6) 72. Kf2 (72. Ke2 $1 $16) 72... Qc2+ $18 {[#]} 73. Kf1 $2 (73. Kf3 $1 $18) 73... Qd1+ $11 74. Kf2 $2 (74. Qe1 $11 Qf3+ 75. Kg1) 74... Qc2+ {Precision: White = 48%, Black = 35%.} 1/2-1/2

[Event "XVIII Najdorf Open 2018"]
[Site "Warsaw"]
[Date "2018.07.16"]
[Round "9"]
[White "Dubinski, Mateusz"]
[Black "Havelka, Josef"]
[Result "1-0"]
[WhiteElo "2245"]
[BlackElo "2349"]
[Annotator "TA"]
[PlyCount "63"]
[EventDate "2018.07.08"]
[EventCountry "POL"]
[SourceTitle "playchess.com"]
[Source "ChessBase"]
[SourceQuality "1"]

{[%evp 22,63,47,42,68,61,84,91,111,89,151,159,337,326,319,317,475,245,247,231,217,237,383,256,256,269,282,306,304,287,295,297,428,425,374,401,386,393,335,270,2207,1252,29991,29992]} 1. d4 d5 2. c4 c6 3. Nf3 Nf6 4. e3 Bf5 5. Nc3 e6 6. Nh4 Bg4 7. Qb3 Qb6 8. h3 Bh5 9. g4 Bg6 10. Nxg6 hxg6 11. Bg2 dxc4 {D12: Slav Defence: 3 Nf3 Nf6 4 e3 Bf5} 12. Qxc4 {LiveBook: 3 Games} Nbd7 13. O-O g5 $146 {White is slightly better.} ({Predecessor:} 13... Bd6 14. Rd1 O-O 15. Bd2 Rac8 16. Be1 Rfd8 17. Qe2 g5 18. Rac1 Nd5 19. Qc2 {0-1 (82) Izoria,Z (2547)-Pridorozhni,A (2415) St Petersburg 2002}) 14. e4 {[%cal Be3e4,Be4e5][%mdl 32]} Qc7 15. e5 ({Of course not} 15. Bxg5 $6 Nxg4 16. e5 Nh6 $11) 15... Nd5 (15... Nh7 $142) 16. Bxg5 $16 f6 $2 (16... N7b6 $16 {was necessary.} 17. Nxd5 Nxd5) 17. Bxd5 $18 fxg5 18. Bxe6 Rxh3 {[#]} (18... O-O-O $142 19. Ne4 Be7) 19. Nd5 (19. Bf7+ Kd8 $18) (19. Nb5 $142 $1 {[%mdl 512]} Qc8 (19... cxb5 20. Qxc7) 20. Bf5) 19... Qa5 20. Bxd7+ Kxd7 21. Ne3 Be7 (21... Qb4 $142 22. Qg8 Rd8 23. Qf7+ Qe7 24. Qf5+ Qe6) 22. Kg2 Rah8 {[#]} 23. Rh1 $1 {[%cal Rh1h3]} Rxh1 24. Rxh1 Rxh1 25. Kxh1 Qd2 {[#]} 26. Qf7 $1 g6 (26... Qxd4 {is a better defense.} 27. Qxe7+ (27. Qxg7 Qe4+ 28. Kg1 Qb1+ 29. Kh2 Qe4 $14) 27... Kxe7 28. Nf5+ Ke6 29. Nxd4+ Kxe5) 27. e6+ Kd8 28. Qg8+ Kc7 29. Qe8 Qb4 30. Qd7+ Kb6 $2 (30... Kb8 31. d5 Qd6) 31. a3 Qd6 32. Nc4+ {Precision: White = 80%, Black = 18%.} 1-0

[Event "XVIII Najdorf Open 2018"]
[Site "Warsaw"]
[Date "2018.07.16"]
[Round "9"]
[White "Dzierzak, Radoslaw"]
[Black "Nowak, Kamil"]
[Result "1/2-1/2"]
[WhiteElo "2244"]
[BlackElo "2330"]
[Annotator "TA"]
[PlyCount "61"]
[EventDate "2018.07.08"]
[EventCountry "POL"]
[SourceTitle "playchess.com"]
[Source "ChessBase"]
[SourceQuality "1"]

{[%evp 22,61,0,0,52,57,55,45,52,33,36,70,43,0,0,0,0,0,-13,0,-13,-11,-11,-12,-17,-44,-41,-36,-33,-47,-47,-50,-47,-37,-47,-37,-33,-33,-33,-51,-51,-68]} 1. e4 c5 2. Nf3 e6 3. d3 Nc6 4. g3 g6 5. Bg2 Bg7 6. O-O Nge7 7. c3 O-O 8. d4 cxd4 9. cxd4 d5 10. e5 f6 {A04: Holländisches System ohne Übergang in andere Systeme} 11. Re1 fxe5 (11... Qb6 12. Nc3 Nf5 13. Na4 Qc7 14. g4 fxe5 15. gxf5 e4 16. fxe6 exf3 17. Bxf3 Nxd4 18. Bxd5 Rxf2 {½-½ (26) Amin,B (2652)-Vitiugov,N (2741) Antalya 2013}) 12. dxe5 {LiveBook: 7 Partien} h6 (12... Rf5 $11) 13. h4 $14 Qb6 14. Nc3 Nf5 15. Na4 Qb4 $146 ({Vorgänger:} 15... Qc7 16. Bf4 Qf7 17. Qd3 Nce7 18. Rac1 {½-½ (65) Aberbach Peltzman,A (2080)-Meier,C (2257) LSS email 2013}) 16. a3 Qg4 17. Bf4 (17. Nc5 $14) 17... Nxh4 $1 $11 18. Nxh4 Rxf4 19. gxf4 Qxh4 20. Qd2 g5 21. Nc5 {[%cal Ba4c5,Bc5d3,Bd3f4][%mdl 32] Mit der Idee f5!} gxf4 22. Nd3 Nd4 {[#] Und weiter mit ...f3 wäre nett.} 23. Qxf4 Qxf4 {Schwarz steht etwas besser.} 24. Nxf4 Nc2 25. Rac1 Nxe1 26. Rxe1 Bd7 27. Bh3 $1 Re8 {[#]} 28. Nxd5 $1 {[%mdl 512]} exd5 29. Bxd7 Rxe5 30. Rxe5 Bxe5 31. Be6+ {Precision: Weiß = 85%, Schwarz = 79%.} 1/2-1/2

[Event "XVIII Najdorf Open 2018"]
[Site "Warsaw"]
[Date "2018.07.16"]
[Round "9"]
[White "Godzwon, Iwo"]
[Black "Mehar, Chinna Reddy CH"]
[Result "0-1"]
[WhiteElo "2218"]
[BlackElo "2286"]
[Annotator "TA"]
[PlyCount "82"]
[EventDate "2018.07.08"]
[EventCountry "POL"]
[SourceTitle "playchess.com"]
[Source "ChessBase"]
[SourceQuality "1"]

{[%evp 18,82,61,43,54,34,31,27,25,-25,-23,-9,50,58,60,20,33,13,31,33,27,0,-14,-97,-69,-79,-29,0,-13,0,0,-41,32,0,0,-108,-85,-154,-173,-203,-196,-191,-141,-238,-220,-244,-246,-244,-243,-252,-248,-242,-191,-289,-207,-242,-234,-843,-839,-891,-879,-981,-738,-873,-816,-818,-791]} 1. e4 g6 2. d4 Bg7 3. Nc3 d6 4. Be3 a6 5. Qd2 b5 6. h4 {B06: Modern Defence} Bb7 (6... Nf6 7. f3 Nbd7 8. g4 h6 9. O-O-O Nb6 10. b3 Bb7 11. Nge2 Nfd7 12. Ng3 c5 13. h5 cxd4 14. Bxd4 {1-0 (21) Volokitin,A (2628)-Malakhov,V (2686) Riadh 2017}) 7. f3 h5 8. O-O-O Nd7 9. Nh3 Rc8 10. Ng5 {LiveBook: 31 Games} c5 11. dxc5 Nxc5 12. Nd5 Nf6 13. Nxf6+ Bxf6 14. Bd4 e5 $146 (14... Bxd4 $11 15. Qxd4 O-O) 15. Bc3 $14 Be7 16. Kb1 Qc7 17. g3 f6 18. Nh3 f5 19. Nf2 fxe4 20. Bh3 (20. fxe4 $11 Bxe4 21. Ba5) 20... exf3 $17 {...Ra8 is the strong threat.} 21. Bxc8 Qxc8 22. Rhe1 O-O 23. Bb4 $1 Kg7 24. Qc3 Rf5 ({Black should play} 24... Rf7 $15) 25. Qe3 (25. Bxc5 $5 dxc5 26. g4 (26. Rxe5 Bf6 $17) 26... hxg4 27. Nxg4 $11) 25... Qe6 26. g4 {[#]} (26. Rg1 $1 $11 {keeps the balance.}) 26... hxg4 $1 27. Bxc5 ({White should try} 27. Nxg4 Rh5 28. Rg1 (28. Bxc5 dxc5 29. Nh2 Bxh4 $17)) 27... g3 $36 {[%mdl 2048] Black is on the roll.} 28. Ba7 gxf2 29. Qxf2 Qc4 30. Rh1 (30. Rd4 $17 {is a better defense.} Qf7 31. Rg4) 30... Qe2 31. Rde1 Qxf2 32. Bxf2 Kh6 33. Reg1 Kh5 34. Kc1 e4 {[%cal Be5e4,Be4e3][%mdl 32]} 35. Kd2 (35. Rg3 $142) 35... Rd5+ 36. Ke1 Bf6 37. c3 $2 {[#]} (37. Rg5+ Bxg5 38. hxg5+ Kxg5 39. Be3+ Kf5 40. a3) 37... Rd3 $19 {Black is clearly winning.} 38. Rh2 e3 39. Bg3 f2+ 40. Bxf2 exf2+ 41. Rxf2 Bxh4 {Precision: White = 24%, Black = 72%.} 0-1

[Event "XVIII Najdorf Open 2018"]
[Site "Warsaw"]
[Date "2018.07.16"]
[Round "9"]
[White "Kowalczyk, Rafal"]
[Black "Lewicki, Miroslaw"]
[Result "0-1"]
[WhiteElo "2209"]
[BlackElo "2361"]
[Annotator "TA"]
[PlyCount "80"]
[EventDate "2018.07.08"]
[EventCountry "POL"]
[SourceTitle "playchess.com"]
[Source "ChessBase"]
[SourceQuality "1"]

{[%evp 11,80,43,50,33,46,6,27,-12,-25,-13,0,-124,-128,-108,-124,-130,-123,-104,-113,-117,-93,-97,-85,-110,-104,-115,-59,-83,-66,-58,-54,-58,-70,-66,-28,-81,-81,-92,-92,-91,-89,-79,-49,-127,-115,-140,-129,-321,-316,-315,-320,-321,-309,-483,-471,-513,-513,-513,-512,-557,-575,-708,-621,-767,-762,-762,-719,-879,-600,-776,-600]} 1. e4 c5 2. c3 d5 3. exd5 Qxd5 4. d4 Nf6 5. Na3 Bg4 (5... cxd4 6. Nb5 Na6 7. Qxd4 Qxd4 8. Nxd4 e5 9. Nb5 Nd5 10. Nf3 f6 11. Be2 Nac7 12. a4 a6 13. Nxc7+ Nxc7 {½-½ (48) Tiviakov,S (2669)-Moiseenko,A (2662) Sochi 2006}) 6. f3 {B22: Sicilian: 2 c3} Bd7 {LiveBook: 3 Games} 7. Bc4 Qh5 8. Ne2 {[#] Black must now prevent Nf4.White is slightly better.} cxd4 $1 9. Qb3 $146 ({Predecessor:} 9. cxd4 e6 10. O-O Bd6 11. Nf4 Qa5 12. Bb3 b5 13. Be3 {1-0 (26) Zaitsev,M (2507)-Houriez,C (2308) Belgium 2010}) 9... Nc6 $1 {[%cal Rc6a5]} 10. cxd4 {Strongly threatening Nf4.} e6 11. Bf4 (11. Nb5 $11 {remains equal.} Rc8 12. Nf4) 11... Na5 $17 12. Qd3 {[#]} Bxa3 $1 13. bxa3 Nxc4 14. Qxc4 O-O 15. Be5 Nd5 16. Qb3 a6 17. a4 b5 18. a5 b4 (18... Rfc8 $17 19. O-O Qh6) 19. O-O Bb5 20. Ng3 Qh4 {aiming for ...f6.} 21. Rfe1 Rfc8 22. Ne4 Rc6 23. Bd6 (23. a3 $11) 23... Qd8 24. Bxb4 Nxb4 25. Qxb4 Rc4 $36 {[%mdl 2048] White is under strong pressure.} 26. Qd6 Rxd4 27. Qg3 (27. Qxd8+ $15 Raxd8 28. Rec1) 27... Qxa5 28. Nf6+ Kh8 29. Qe5 $2 (29. Ng4 $17) 29... Qb6 $19 {...Re4+ is the strong threat.} 30. Kh1 gxf6 31. Qxf6+ Kg8 32. Re5 (32. Qg5+ $142 Kf8 33. Qh6+ Ke8 34. Qxh7) 32... Bd3 {Black is clearly winning.} 33. Rd1 Bg6 34. Ree1 Rad8 35. Rc1 Qb2 36. h4 Rd2 37. Qg5 h5 38. Rc7 Rd1 39. Rxd1 Rxd1+ 40. Kh2 Qb8 {Precision: White = 34%, Black = 74%.} 0-1

[Event "XVIII Najdorf Open 2018"]
[Site "Warsaw"]
[Date "2018.07.16"]
[Round "9"]
[White "Bharath, Subramaniyam H"]
[Black "Szostko, Jakub"]
[Result "0-1"]
[WhiteElo "2197"]
[BlackElo "2295"]
[Annotator "TA"]
[PlyCount "156"]
[EventDate "2018.07.08"]
[EventCountry "POL"]
[SourceTitle "playchess.com"]
[Source "ChessBase"]
[SourceQuality "1"]

{[%evp 16,155,8,1,0,7,18,5,4,-11,21,24,16,-2,28,2,0,19,15,-20,-24,-21,-24,-30,-18,-25,-20,-13,-18,-17,-8,-62,-68,-85,-81,-81,-88,-241,-229,-239,-241,-238,-235,-256,-214,-331,-272,-296,-295,-291,-260,-326,-317,-336,-344,-336,-353,-339,-343,-366,-330,-440,-435,-464,-460,-471,-437,-549,-543,-539,-530,-701,-681,-1593,-1367,-6507,-6552,-6307,-6540,-887,-6544,-1894,-6536,-5381,-1890,-6624,-6520,-5427,-5040,-6436,-5627,-5297,-4843,-2367,-1894,-12793,-6540,-29974,-29975,-29975,-29976,-29980,-29981,-29981,-29982,-29982,-29983,-29983,-29981,-29982,-29983,-29983,-29984,-29984,-29985,-29987,-29988,-29988,-29988,-29990,-29991,-29991,-29992,-29992,-29993,-29994,-29994,-29995,-29996,-29996,-29994,-29994,-29994,-29994,-29995,-29995,-29995,-29997,-29998,-29998,-29999,-29999]} 1. e4 c5 2. Nc3 Nc6 3. Bb5 Nd4 4. Bc4 a6 5. a4 e6 6. Nf3 Ne7 {[%cal Bg8e7,Be7c6,Bc6d4][%mdl 32]} 7. d3 Nec6 8. O-O Be7 {B30: Sizilianisch (Rossolimo-Variante)} 9. Nxd4 {LiveBook: 6 Partien} Nxd4 10. Ne2 Nc6 {Die Stellung ist ausgeglichen.} 11. Be3 $146 ({Vorgänger:} 11. c3 b6 12. d4 O-O 13. Bd3 cxd4 14. cxd4 {0-1 (45) Gupte,M (2207)-Stefansson,H (2580) New Delhi 2011}) 11... O-O 12. d4 cxd4 13. Nxd4 Qc7 14. Ba2 d6 15. f4 Nxd4 16. Bxd4 e5 17. Be3 exf4 18. Bxf4 Be6 19. Bxe6 fxe6 20. Qg4 Rf6 {[#] Droht stark ...Db6+.} 21. Be3 Rg6 22. Qe2 Rc8 23. c4 (23. c3 $11) 23... Qc6 $15 24. Rae1 Qxe4 25. Rf4 Qc6 $36 {[%mdl 2048] Weiss steht unter starkem Druck.} 26. h4 $2 (26. b3 $17 {ist eine bessere Verteidigung.}) 26... e5 $19 ({Finger weg von} 26... Qxa4 27. h5 $17) 27. Rg4 Rxg4 28. Qxg4 {Droht De6+ und aus.} Qxc4 29. Qd7 {[#]} Rc7 $1 {[%cal Rc7d7]} ({Und nicht} 29... Bxh4 30. Rc1 $16) 30. Qf5 (30. Qh3 {war nötig.} Qxa4 31. Qe6+ Kh8 32. Rf1) 30... Qf7 31. Qe4 Qe6 32. Rd1 Bf8 33. b4 Qc4 34. Qb1 Qxh4 35. Rf1 Qc4 36. b5 axb5 37. axb5 Rf7 38. Rc1 Qe6 39. b6 d5 {[%cal Bd6d5,Bd5d4,Bd4d3][%mdl 32]} 40. Rc7 Bd6 41. Rc1 d4 42. Bf2 Qd5 43. Rc8+ Rf8 44. Qf5 d3 45. Qd7 Rxc8 46. Qxc8+ Bf8 47. Be3 d2 48. Bxd2 Qc5+ 49. Qxc5 Bxc5+ {[%mdl 4096] Endspiel KL-KL} 50. Kf1 Bxb6 51. Ke2 Kf7 52. Kf3 Ke6 53. Ke4 Bc5 54. Bc3 Bd6 55. g4 b5 56. g5 g6 {Schwarz setzt Matt.} 57. Bb2 Be7 58. Bxe5 Bxg5 59. Bg3 Bf6 60. Be1 h5 61. Bd2 Be5 62. Be1 g5 {[%cal Bg6g5,Bg5g4][%mdl 32]} 63. Bd2 g4 64. Be1 Bd6 65. Bc3 h4 66. Ke3 Kf5 67. Be1 h3 68. Kf2 Ke4 69. Kg1 Kf3 70. Kh1 b4 71. Bf2 b3 72. Bd4 Ba3 73. Kh2 b2 74. Bxb2 Bxb2 75. Kg1 Be5 76. Kh1 g3 77. Kg1 h2+ 78. Kf1 h1=Q# {Precision: Weiß = 28%, Schwarz = 84%.} 0-1

[Event "XVIII Najdorf Open 2018"]
[Site "Warsaw"]
[Date "2018.07.16"]
[Round "9"]
[White "Sliwicki, Damian"]
[Black "Sliwicka, Alicja"]
[Result "1/2-1/2"]
[WhiteElo "2193"]
[BlackElo "2277"]
[Annotator "TA"]
[PlyCount "45"]
[EventDate "2018.07.08"]
[EventCountry "POL"]
[SourceTitle "playchess.com"]
[Source "ChessBase"]
[SourceQuality "1"]

{[%evp 38,43,23,14,40,37,41,17]} 1. e4 c6 2. d4 d5 3. Nc3 dxe4 4. Nxe4 Bf5 5. Ng3 Bg6 6. h4 h6 7. Nf3 Nd7 8. h5 Bh7 9. Bd3 Bxd3 10. Qxd3 e6 11. Bd2 Be7 12. O-O-O Ngf6 13. Kb1 O-O 14. Ne4 c5 15. dxc5 Nxc5 {B19: Classical Caro-Kann: 4...Bf5 main line} 16. Nxf6+ Bxf6 17. Qxd8 Rfxd8 18. Be3 Na4 19. Rxd8+ Rxd8 20. c3 {LiveBook: 6 Games} a6 (20... Nb6 21. Bxb6 axb6 22. Kc2 {½-½ (40) Ma,Q (2613)-Navara,D (2727) China 2014}) 21. Kc2 b5 22. Nd2 {[#]} {Predecessor:} Be7 $146 23. b3 {1-0 (61) Djurhuus,R (2546)-Johannessen,L (2527) Sweden 2003} 1/2-1/2